Estatísticas para Personagens de Séries #2🎭

Clique aqui para jogar o quiz

Estatísticas Gerais

  • Esse quiz foi jogado 866 vezes
  • A pontuação média é 7 de 22

Estatísticas das Respostas

PersonagemSérie% Correto
Sabrina SpellmanChilling Adventures of Sabrina
92%
NairóbiLa Casa de Papel
89%
Jughead JonesRiverdale
77%
Jon SnowGame of Thrones
69%
Sheldon CooperThe Big Bang Theory
64%
LucréciaElite
60%
Rick GrimesThe Walking Dead
48%
Emily CooperEmily in Paris
32%
Justin Foley13 Reasons Why
28%
Penelope FeatheringtonBridgerton
28%
Yennefer de VengerbergThe Witcher
28%
Sam GardnerAtypical
17%
Eric EffiongSex Education
17%
Marcus BakerGinny & Georgia
14%
Julie MolinaJulie and the Phantoms
14%
Poussey WashingtonOrange Is The New Black
14%
Carrie BradshawSex and the City
10%
GusSweet Tooth
6%
Nick BirchBig Mouth
5%
James DiamondBig Time Rush
3%
Kate MularkeyFirefly Lane
1%
K.O. KellyKaty Keene
1%

Distribuição das Pontuações

Percentil de Números Respondidos

Porcentagem de Pessoas com Cada Pontuação

Sua Pontuação Histórica

Você não jogou esse quiz